000 00638nam a2200181 a 4500
008 161014s1997 ||||||||||||||||| || u
020 _a1557756325
050 _aIMF(08)EI/7
100 _aLee, Jang-Yung
245 1 0 _aSterilizing capital inflows
_cBy Jang-Yung Lee
260 _aWashington, D.C.
_bInternational Monetary Fund
_c1997
300 _aiii, 16p.
650 _aFOREIGN EXCHANGE
650 _aSTERILIZATION TOOLS
650 _aCAPITAL CONTROLS
650 _aCAPITAL INFLOWS--OUTFLOWS
995 _FCBU-MAIN LIBRARY (Kitwe)
_M1
_UAVAILABLE
_WOct 20, 2016
_ZInternational Publications
999 _c58427
_d58427